000 00897cam a22002775a 4500
001 17861914
005 20201128024146.0
008 130822t2015 ohua frb 001 0 eng d
020 _a9781285751788 (student edition)
020 _a1285751787 (student edition)
040 _aDLC
_beng
_cDLC
_dEG-ScBUE
082 0 4 _222
_a658.1552
_bHAN
100 1 _aHansen, Don R.
_92229
245 1 0 _aCornerstones of cost management /
_cDon R. Hansen,Maryanne M. Mowen.
250 _a3rd ed.
260 _aMason :
_bCengage Learning,
_cc.2015.
300 _axvii, 1099 p. :
_bill. ;
_c29 cm.
504 _aIncludes bibliographical references and index.
650 7 _aCost accounting.
_2BUEsh
_91340
650 0 _aCost control.
_2BUEsh
650 7 _aManagerial accounting.
_2BUEsh
_91343
653 _bBUSADM
_cMay2017
655 _vReading book
_934232
700 1 _aMowen, Maryanne M.
_92230
942 _2ddc
999 _c24834
_d24806